[Event "SA Championship"]
[Site "Adelaide"]
[Date "2006.04.11"]
[Round "9.2"]
[White "Zaric, Srboljub"]
[Black "Cowley, Robert G"]
[Result "1-0"]
[Annotator "Fritz 9"]
[BlackElo "2091"]
[EventCountry "AUS"]
[EventDate "2006.02.14"]
[EventRounds "9"]
[EventType "tourn"]
[PlyCount "121"]
[WhiteElo "2129"]

{ B14: Caro-Kann: Panov-Botvinnik Attack with 5...e6 and 5...g6 } 1. e4 c6 2. d4
d5 3. exd5 cxd5 4. c4 Nf6 5. Nc3 e6 6. Nf3 Bb4 7. Qa4+ Nc6 8. a3 { White
threatens to win material: a3xb4}  ( 8. Ne5 Qa5 9. Qxa5 Bxa5 10. Nxc6 bxc6 11.
cxd5 cxd5 12. Bd2 Bd7 13. Bd3 Rb8 14. b3 O-O 15. O-O Rfc8 16. Rac1 Kf8 17. Rc2
Bb4 18. Rfc1 Ba3 19. Re1 Rc6 20. Bc1 Bd6 21. Ree2 Rb4 22. Be3 Ng4 {
Geldimamedov,H  ( 2200 ) -Furman,S  ( 2560 ) /Riga 1975/MCD/1/2-1/2  ( 41 )} 
)( 8. cxd5 Nxd5 9. Bd2 O-O 10. Bd3 h6 11. O-O Nb6 12. Qb3 Be7 13. Rad1 Bf6 14.
Be3 Ne7 15. Bb1 Nbd5 16. Ne4 b6 17. Qd3 Ng6 18. Ne5 Bxe5 19. dxe5 Bb7 20. Nd6
Nxe3 21. fxe3 Bc6 22. Rxf7 Qg5 { Fuentes Arjona,A  ( 2056 ) -Capella Gimenez,J 
( 2111 ) /Cullera 2005/CBM 107 ext/1-0}  )8... Be7 $146 { White has a very
active position}  ( 8... Bxc3+ 9. bxc3 Bd7 10. Qc2 Qc7 11. Be2 Rc8 12. cxd5
Nxd5 13. O-O Na5 14. Bb2 Nxc3 15. Rac1 Nd5 16. Qd2 Qb6 17. Rxc8+ Bxc8 18. Rc1
O-O 19. Qc2 h6 20. Rb1 Bd7 21. Bd3 Rc8 22. Qd1 Qd6 23. Rc1 { Struening,T  (
1676 ) -Stabolewski,A  ( 2226 ) /Bad Zwesten 2004/CBM 098 ext/0-1  ( 58 )}  )9.
c5 { Black has a cramped position}  9... O-O 10. b4 ( 10. Bd3 Bd7 11. Qd1 b6
$11 )10... e5 ( 10... Ne4 11. Qc2 Bf6 12. Nxe4 dxe4 13. Qxe4 Nxd4 14. Ra2 $15
)11. dxe5 $11 Ng4 { Black threatens to win material: Ng4xe5}  12. Bf4 f6 {
Prevents intrusion on g5}  ( 12... d4 13. Rd1 Bd7 14. Ne4 Ncxe5 15. b5 $11 )13.
e6 ( 13. Rd1 $5 Be6 14. Bb5 Ngxe5 15. Nxe5 fxe5 16. Bxc6 Bxc5 17. O-O ( 17.
bxc5 $6 Rxf4 18. Bxd5 Qxd5 19. Rxd5 Rxa4 20. Rxe5 Rxa3 $11 )17... bxc6 18. Qxc6
$16 )13... Bxe6 14. Bb5 ( 14. Be2 a5 15. b5 Nce5 $11 ( 15... Bxc5 $143 16. bxc6
Bxf2+ 17. Kf1 $18 ))14... Nge5 ( 14... a5 $5 $142 { is noteworthy}  15. Bxc6
axb4 16. Qxb4 bxc6 $15 )15. Bxe5 $14 Nxe5 { Black has the pair of bishops}  16.
Nd4 { White threatens to win material: Nd4xe6. A comfortable square for the
white knight}  16... Bf7 { Black has a cramped position}  17. O-O a6 18. Be2 b6
19. c6 ( 19. cxb6 $5 Qxb6 20. Nf5 $14 )19... b5 $11 20. Qb3 { Exerts pressure
on the isolated pawn}  20... Rc8 21. Rfd1 Nxc6 22. Nxc6 Rxc6 23. Nxd5 Bd6 24.
Qf3 Be5 25. Rab1 Rd6 { Black threatens to win material: Rd6xd5}  26. Ne3 Qb8
27. Rxd6 Bxd6 28. g3 { Consolidates f4}  28... Re8 ( 28... Be5 29. Bd3 $11 )29.
Rd1 ( 29. Qc6 Re6 30. Bg4 Qe8 31. Qxa6 Rxe3 32. Qxd6 h5 $14 ( 32... Rxa3 $143
33. Bd7 Qe5 34. Qxe5 fxe5 35. Bxb5 $16 ))29... Bf8 30. Bf1 Rd8 ( 30... Qc7 31.
Bd3 $11 )31. Rxd8 $14 Qxd8 32. h4 ( 32. Qb7 Qd6 33. Bg2 $14 )32... Qd4 $2 (
32... Qc8 $5 $11 { is worth looking at} )33. Qb7 ( 33. Qa8 Qb6 $16 )33... Qd6
34. Bg2 g6 { Covers f5}  35. Bd5 Bxd5 36. Nxd5 Bh6 $2 ( 36... f5 37. Kg2 $14
)37. f4 $4 { not a good decision, because now the opponent is right back in the
game}  ( 37. Nc7 $142 { White has the better game}  37... f5 38. Nxa6 $18
)37... Qe6 $11 38. Kf2 Bf8 ( 38... Bg7 39. g4 f5 40. Qa8+ Kf7 41. Qa7+ Kg8 42.
Qa8+ Kf7 43. Qb7+ Kg8 44. Qa8+ $11 )39. Kf3 ( 39. Qd7 Qf7 $14 )39... Qf5 40.
Ne3 { White threatens to win material: Ne3xf5}  40... Qe6 41. g4 f5 42. gxf5
gxf5 43. Qd5 Qxd5+ 44. Nxd5 { A minor pieces endgame occured}  44... Bd6 (
44... Kf7 $5 $11 { should be considered} )45. Ne3 $14 a5 $4 ( 45... Be7 $142 {
the rescuing straw}  46. Nxf5 Bf6 $16 )46. bxa5 $18 Bxa3 47. Nxf5 Bc5 48. Ke4
b4 49. Nd4 Kf7 50. Nb3 ( 50. Kd5 $5 { and White can already relax}  50... Ba7
$18 )50... Ba7 51. f5 ( 51. h5 $18 $142 { seems even better} )51... Kf6 52. a6
h5 53. Nd4 Bb6 54. Kd5 b3 $4 { sad, but how else could Black save the game?}  (
54... Ba7 $18 $142)55. Nxb3 Kxf5 56. Kc6 Ba7 57. Kb7 Bf2 58. Na5 Kg4 59. Nc4
Kxh4 60. Nb6 Bxb6 61. Kxb6 ( 61. Kxb6 Kg3 62. a7 h4 63. Kc5 Kf2 64. a8=Q Ke3
65. Qa3+ Kf2 66. Qh3 Ke2 67. Kd4 Kf2 68. Qxh4+ Kg2 69. Qg4+ Kh1 70. Qh3+ Kg1
71. Ke4 Kf2 72. Qh2+ Ke1 73. Ke3 Kd1 74. Qd2# ) 1-0

[Event "SA Championship"]
[Site "Adelaide"]
[Date "2006.04.11"]
[Round "9.3"]
[White "Tao, Trevor"]
[Black "Mdinaradze, Edgar"]
[Result "0-1"]
[Annotator "Fritz 9"]
[BlackElo "1915"]
[EventCountry "AUS"]
[EventDate "2006.02.14"]
[EventRounds "9"]
[EventType "tourn"]
[PlyCount "94"]
[WhiteElo "2418"]

{ B07: Pirc Defence: Miscellaneous Systems } 1. e4 d6 2. c4 Nf6 3. Nc3 c5 4.
Nge2 Nc6 5. d4 cxd4 6. Nxd4 g6 7. Be2 Bg7 8. Be3 { White has a very active
position}  8... Qa5 $146 9. O-O { White castles and improves king safety}  9...
O-O 10. Nb3 { White threatens to win material: Nb3xa5}  10... Qd8 11. f3 {
Controls g4}  11... Bd7 12. Qd2 { White has an active position}  12... Rc8 13.
Nd4 Nxd4 ( 13... Ne5 14. b3 $14 )14. Bxd4 $16 b6 ( 14... Bc6 15. Rfd1 a5 16. b3
Nd7 17. Be3 Nc5 18. Rab1 f5 19. exf5 gxf5 20. Nd5 Bxd5 21. cxd5 b6 22. Bb5 Be5
23. a3 f4 24. Bf2 Rc7 25. b4 axb4 26. axb4 Nd7 27. Rbc1 Ra7 28. Rc2 Nf6 29.
Rdc1 { Fogarasi,T  ( 2455 ) -Balogh,B  ( 2260 ) /Kobanya 1992/TD/1-0  ( 64 )} 
)15. Rfd1 ( 15. Rac1 h6 ( 15... Be6 16. b3 Ne8 17. Be3 f5 18. exf5 gxf5 19. f4
Bf7 20. Bf3 Nc7 21. Rfd1 Qd7 22. Ne2 Rfd8 23. Bf2 Bf6 24. Nd4 Ne8 25. Qe2 Ng7
26. Nb5 a6 27. Nc3 b5 28. Nd5 Bxd5 29. cxd5 Rxc1 30. Rxc1 { Chuchelov,V  ( 2539
) -Thorfinnsson,B  ( 2292 ) / Cappelle la Grande 2001/CBM 080 ext/1-0  ( 38 )} 
)16. b3 Kh7 17. Rfd1 h5 18. Be3 Bc6 19. Nd5 Qd7 20. a4 Qb7 21. Bg5 Bxd5 22.
cxd5 Ng8 23. Bd3 a5 24. Bb5 Rc5 25. Be3 Bh6 26. Bxh6 Nxh6 27. Rxc5 dxc5 28. d6
exd6 29. Qxd6 Qb8 { Labollita,M  ( 2398 ) -Domingo Gil,A/Malaga 2002/CBM 086
ext/1-0  ( 37 )}  )15... Bc6 16. Rac1 Nd7 17. Bxg7 Kxg7 18. Nd5 Re8 19. b4 Ba4
20. Rf1 Bc6 21. Rc3 f6 ( 21... a5 22. a3 $16 )22. Rfc1 ( 22. Re3 a5 $16 )22...
Bb7 ( 22... e6 23. Ne3 Ne5 24. Nc2 $16 )23. Ra3 a6 24. f4 e6 25. Ne3 Bxe4 26.
Qxd6 { White has a king attack.}  26... Nb8 { Black has a cramped position} 
27. Rd1 Kf7 28. c5 b5 29. Qd4 ( 29. Rxa6 Nxa6 30. Qxa6 Qc7 31. Bxb5 Red8 $14
)29... Qxd4 $14 30. Rxd4 f5 { Black has a new backward pawn: e6}  31. Ng4 Red8
{ Black threatens to win material: Rd8xd4}  32. Ne5+ { The white knight is well
posted.}  32... Ke7 ( 32... Kf6 $5 $142 33. Rxd8 Rxd8 $14 )33. Rxd8 $18 Rxd8
34. Rh3 h5 35. Nxg6+ Kf6 36. Ne5 Nd7 ( 36... Nc6 37. Nxc6 Bxc6 38. Rd3 Rxd3 39.
Bxd3 $18 )37. Nf3 e5 $2 ( 37... Ke7 38. Rg3 $18 )38. Nxe5 ( 38. Rxh5 $142 { and
the rest is a matter of technique}  38... Bxf3 39. Bxf3 ( 39. gxf3 $6 Rg8+ 40.
Kf2 exf4 $18 )39... exf4 40. Rh6+ Ke7 41. Rxa6 $18 )38... Nxe5 39. fxe5+ Kxe5
40. a3 ( 40. Rc3 Rg8 41. Rg3 Ra8 $18 )40... Rd2 41. Bf3 ( 41. Bxh5 $6 Rxg2+ 42.
Kf1 Rb2 $11 )41... Rc2 ( 41... h4 42. Bxe4 fxe4 43. Rxh4 $16 )42. Bxe4 $16 fxe4
43. Rxh5+ Kd4 44. g4 ( 44. h4 e3 45. Kf1 Rf2+ 46. Ke1 Ra2 $11 )44... e3 { A
strong pawn}  45. g5 $4 { forfeits the clear win}  ( 45. Kf1 $142 Rf2+ 46. Ke1
$14 )45... Rc1+ 46. Kg2 e2 47. Rh4+ Kd5 ( 47... Kd5 48. Rh7 e1=Q 49. Rd7+ Ke6
50. Rd6+ Ke5 51. Rd5+ Kxd5 52. g6 Qe3 53. h4 Rc2+ 54. Kh1 Qc1# ) 0-1

[Event "SA Championship"]
[Site "Adelaide"]
[Date "2006.04.11"]
[Round "9.4"]
[White "Guthrie, Aaron"]
[Black "Juszczynski, Mathew"]
[Result "1-0"]
[Annotator "Fritz 9"]
[BlackElo "1790"]
[EventCountry "AUS"]
[EventDate "2006.02.14"]
[EventRounds "9"]
[EventType "tourn"]
[PlyCount "89"]
[WhiteElo "2120"]

{ C43: Petroff Defence: 3 d4 } 1. e4 e5 2. Nf3 Nf6 3. d4 exd4 4. e5 Ne4 5. Qxd4
d5 6. exd6 Nxd6 7. Bg5 Nc6 ( 7... Qd7 8. Nc3 Nf5 9. Qe4+ Qe6 10. O-O-O Be7 11.
Qa4+ Bd7 12. Bb5 c6 13. Bc4 Qg6 14. Bxe7 Nxe7 15. Rhe1 b5 16. Qa3 Qf6 17. Bxb5
Be6 18. Ba4 O-O 19. Bb3 a5 20. Bxe6 fxe6 21. Qd6 Nd5 22. Ne4 { Maksimenko,A  (
2514 ) -Sarwinski,M  ( 2374 ) /Bydgoszcz 2001/CBM 082 ext/1-0  ( 54 )}  )8. Qc3
$146 ( 8. Qe3+ Be7 9. Nc3 Nf5 10. Bxe7 Ncxe7 11. Qe5 O-O 12. Rd1 Nd6 13. Bd3
Ng6 14. Qg3 Qe7+ 15. Kd2 Nf5 16. Bxf5 Bxf5 17. Kc1 Rad8 18. Nd4 Bc8 19. Rhe1
Qb4 20. a3 Qc4 21. Ndb5 Rxd1+ 22. Rxd1 Nf4 {
Konstantinopolsky,A-Smyslov,V/Sverdlovsk 1943/HCL/1/2-1/2  ( 48 )}  )( 8. Bxd8
Nxd4 9. Nxd4 Kxd8 $11 )8... f6 { Black threatens to win material: f6xg5}  9.
Be3 Be6 10. Nbd2 Qd7 ( 10... Ne4 11. Qd3 ( 11. Nxe4 $2 Bb4 $19 )11... Nxd2 12.
Bxd2 $15 )11. Nb3 { White has an active position}  11... Ne4 { Black threatens
to win material: Ne4xc3}  12. Qd3 f5 13. Qxd7+ Bxd7 14. O-O-O { White castles
and improves king safety}  14... Bd6 15. Ng5 Nxg5 16. Bxg5 O-O { Black castles
and improves king safety}  17. Bc4+ Kh8 18. Nc5 { White threatens to win
material: Nc5xd7}  18... Bxc5 19. Rxd7 { White has the pair of bishops}  19...
Bd6 20. Rf7 ( 20. Bd5 Rae8 $14 )20... h6 ( 20... Ne5 21. Rxf8+ Rxf8 22. Bd5 $11
)21. Be3 Rae8 ( 21... f4 $5 { has some apparent merit}  22. Bd2 Ne5 23. Rxf8+
Rxf8 $11 )22. Rxf8+ $14 Rxf8 23. Bd5 f4 24. Bd2 Nd8 25. Re1 c6 { Black
threatens to win material: c6xd5}  26. Bf3 Nf7 27. Bh5 Nd8 ( 27... Ne5 $5 $14 {
is worthy of consideration} )28. Re4 c5 29. Bc3 Nc6 ( 29... Kg8 30. Bf3 $16
)30. Re6 $18 Rd8 31. Rxh6+ Kg8 32. Re6 Nd4 33. Re4 ( 33. Bxd4 cxd4 34. Kd2 Kf8
$18 )33... f3 $16 34. gxf3 Bxh2 ( 34... Bf4+ 35. Bd2 ( 35. Rxf4 $4 Ne2+ 36. Kb1
Rd1# )35... Nb3+ 36. cxb3 Bxd2+ 37. Kc2 $16 )35. Bd2 Rf8 36. f4 Nc6 ( 36... Nf5
37. Bf3 $16 )37. Be3 b6 38. c3 Kh7 ( 38... Rf6 39. a3 $18 )39. Re6 ( 39. Bf3 g5
$18 )39... Na5 ( 39... Rf6 40. f5 Ne5 41. Rxf6 gxf6 42. Kc2 $16 )40. Bg6+ $18
Kg8 41. Re4 Rd8 ( 41... Nb7 42. Re7 Na5 43. f5 $18 )42. b3 Kf8 $2 ( 42... Rf8
$18)43. Re5 Nc6 ( 43... c4 { doesn't do any good}  44. Kc2 cxb3+ 45. axb3 $18
)44. Rh5 Rd6 45. Be4 ( 45. Be4 Re6 46. Bxc6 ( 46. Rxh2 $6 { is clearly weaker} 
46... Rxe4 47. Rh8+ Ke7 $16 )46... Rxc6 47. Rxh2 $18 )( 45. Rxh2 $6 { is the
less attractive alternative}  45... Rxg6 46. Rh8+ Kf7 $16 ) 1-0

[Event "SA Championship"]
[Site "Adelaide"]
[Date "2006.04.11"]
[Round "9.5"]
[White "Obst, James"]
[Black "Riches, L John"]
[Result "1-0"]
[Annotator "Fritz 9"]
[BlackElo "1939"]
[EventCountry "AUS"]
[EventDate "2006.02.14"]
[EventRounds "9"]
[EventType "tourn"]
[PlyCount "59"]
[WhiteElo "2054"]

{ B13: Caro-Kann: Exchange Variation and Panov-Botvinnik Attack } 1. e4 c6 2. d4
d5 3. exd5 cxd5 4. Bd3 Nc6 5. c3 Nf6 6. Bf4 Bg4 7. Qb3 Na5 8. Qa4+ Bd7 9. Qc2
Rc8 10. Nf3 ( 10. Nd2 a6 11. a4 Bg4 12. Ngf3 e6 13. Ne5 Bd6 14. Bg5 Bh5 15. f4
h6 16. Bh4 g5 17. Bg3 Ng4 18. Ndf3 Rg8 19. fxg5 Bxe5 20. Nxe5 Ne3 21. Qf2 Qxg5
22. Nf3 Bxf3 23. gxf3 Nb3 24. f4 Qe7 { Benjamin,J  ( 2565 ) -Djuric,S  ( 2475 )
/New York 1988/CBM 008/0-1  ( 40 )}  )10... Nc6 ( 10... e6 11. O-O Be7 12. h3
O-O 13. Nbd2 b5 14. a3 Nc4 15. Ne5 a5 16. Rfe1 h6 17. a4 Nh5 18. Bh2 Bg5 19.
Ndf3 Bf4 20. Nxd7 Bxh2+ 21. Nxh2 Qxd7 22. axb5 Nf4 23. Bf1 Qd8 24. Nf3 Qf6 25.
Ne5 { Davila,C  ( 2339 ) -Cuartas,J  ( 2452 ) /Mallorca 2004/CBM 104/1/2-1/2  (
62 )}  )11. a3 $146 { Secures b4}  ( 11. Qe2 Bg4 12. Nbd2 e6 13. Qe3 Bh5 (
13... Nd7 14. O-O Be7 15. Ne5 Ndxe5 16. Bxe5 O-O 17. Bf4 Qd7 18. Rfe1 Rfe8 19.
Qg3 Bh5 20. Re3 Bg6 21. Bxg6 hxg6 22. Nf3 Bf6 23. Qh3 Na5 24. b3 b5 25. g4 Nc6
26. Rd1 b4 27. g5 Be7 28. cxb4 { Enklaar,B  ( 2425 ) -Donner,J  ( 2495 )
/Leeuwarden 1974/MCD/1-0  ( 31 )}  )14. Ne5 a6 15. Ndf3 Bg6 16. Nxg6 hxg6 17.
O-O Qd7 18. h3 Bd6 19. Ne5 Nxe5 20. Bxe5 Bxe5 21. dxe5 Ng8 22. Rfd1 Qc7 23.
Rac1 Rh5 24. f4 Qc5 25. Qxc5 Rxc5 { Mestel,A  ( 2200 ) -Barcza,G  ( 2465 )
/Hastings 1972/MCD/1/2-1/2  ( 41 )}  )11... Bg4 { Black's piece can't move: f8}
 12. Nbd2 e6 { Prevents intrusion on f5}  13. O-O { White has an active
position}  13... Be7 14. Rae1 O-O 15. Qb1 a6 { Secures b5}  ( 15... Kh8 16. Ne5
$14 )16. Ne5 $16 Bh5 17. Nxc6 Rxc6 18. Be5 b5 19. Bxf6 ( 19. Re3 Bg6 20. Bxg6
hxg6 21. Rh3 $14 )19... Bxf6 $2 ( 19... gxf6 $142 { and Black can hope to live}
 20. Bxh7+ Kg7 $11 )20. Bxh7+ $18 Kh8 21. Bd3 Qb6 ( 21... Qc7 22. Re3 g6 23.
Rh3 $18 )22. h3 a5 23. g4 Bg6 ( 23... b4 24. axb4 axb4 25. gxh5 bxc3 26. bxc3
$18 )24. Bxg6 fxg6 ( 24... b4 25. axb4 axb4 26. Bd3 $18 )25. Qxg6 b4 ( 25...
Kg8 26. Nb3 b4 27. axb4 axb4 $18 )26. g5 Bxd4 ( 26... bxc3 { is not the saving
move}  27. gxf6 Rxf6 28. Qe8+ Kh7 29. Nf3 Rxf3 30. Qh5+ Kg8 31. Qxf3 cxb2 32.
Qe3 $18 )27. cxd4 ( 27. Qh5+ { makes it even easier for White}  27... Kg8 28.
g6 Rf4 29. cxd4 Qxd4 $18 )27... Qxd4 ( 27... e5 { cannot undo what has already
been done}  28. Qh5+ Kg8 29. dxe5 $18 )28. Qh5+ Kg8 29. g6 Rf5 ( 29... Rf4 {
what else?}  30. Nf3 Rxf3 31. Qxf3 Qf6 $18 )30. Qxf5 $1 { Eliminates the
defender f5}  ( 30. Qxf5 Qf6 31. Qh5 $18 ) 1-0